Behavioural Science and community development (Record no. 1449430)

MARC details
000 -LEADER
fixed length control field 00607nam a2200193Ia 4500
005 - DATE AND TIME OF LATEST TRANSACTION
control field 20250923145300.0
008 - FIXED-LENGTH DATA ELEMENTS--GENERAL INFORMATION
fixed length control field 008 250917s9999 xx 000 0 eng d
037 ## - SOURCE OF ACQUISITION
Stock number Periodicals
040 ## - CATALOGING SOURCE
Original cataloging agency DSWL
Language of cataloging eng
Transcribing agency DSWL
041 ## - LANGUAGE CODE
Language code of text/sound track or separate title eng
Source of code eng
084 ## - COLON CLASSIFICATION NUMBER
Classification number Y31:7:7m2,N67 N73
Assigning agency DSWL
245 #0 - TITLE STATEMENT
Title Behavioural Science and community development
Statement of responsibility, etc. by National Institute of Community development
260 ## - PUBLICATION, DISTRIBUTION, ETC.
Place of publication, distribution, etc. Hyderabad
Name of publisher, distributor, etc. National Institute of Community development
Date of publication, distribution, etc. 1973
365 ## - TRADE PRICE
Price type code INR
Price amount 10
490 ## - SERIES STATEMENT
Volume/sequential designation Vol.7
925 ## -
-- 10
942 ## - ADDED ENTRY ELEMENTS (KOHA)
Koha item type Periodicals
Classification part Y31:7:7m2,N67 N73
Holdings
Withdrawn status Lost status Damaged status Not for loan Home library Current library Date acquired Total Checkouts Full call number Barcode Date last seen Price effective from Koha item type
        Department of Social Work Library Department of Social Work Library 2025-09-23   Y31:7:7m2,N67 N73 SW0016609 2025-09-23 2025-09-23 Periodicals
Copyright @ Delhi University Library System